[Event "Eje Cafetero Region 3rd"]
[Site "Eje Cafetero"]
[Date "2009.03.22"]
[Round "3.2"]
[White "Giraldo, Marlon"]
[Black "Molina, Gildardo"]
[Result "1-0"]
[WhiteElo "1780"]
[BlackElo "1928"]
[PlyCount "33"]
[EventDate "2009.03.21"]
[EventType "swiss"]
[EventRounds "7"]
[EventCountry "COL"]
[SourceTitle "EXT 2024"]
[Source "ChessBase"]
[SourceDate "2023.10.10"]
[SourceVersion "1"]
[SourceVersionDate "2023.10.10"]
[SourceQuality "1"]

1. b4 e6 2. Nf3 Nf6 3. d4 g6 4. Bg5 Bg7 5. Nbd2 0-0 6. e4 d6 7. Be2 b6 8. c3 Bb7 9. Qc2 Nbd7 10. 0-0 c5 11. Rad1 Qc7 12. Rfe1 Rab8 13. d5 a6 14. c4 exd5 15. exd5 Rfc8 16. h3 Ne5 17. Bxf6 1-0